000 00424nam a22001817a 4500
003 MPLRDC
005 20220104143102.0
008 210129b ||||| |||| 00| 0 eng d
020 _a7-219-01490-2
082 _a091 WYD
100 _a王玉德等著
245 _a神秘的八卦
_c
250 _a一版一刷
260 _a
_b广西人民出版社
_c1990
300 _b
650 _a易经
942 _cBK
_o091 WYD
999 _c36477
_d36467